Countries that are Majority Buddhist on a map - Statistics

General Stats
  • This quiz has been taken 42 times
  • The average score is 6 of 7
Answers on the Map
Answers color-coded by a green-red scale on the quiz's map according to % correct below.
 
Answer Stats
Continent Starting Letter Buddhist % Number of Buddhists Answer % Correct
Asia C 97.1% 16.2M Cambodia
100%
Asia T 94.4% 67.6M Thailand
97%
Asia B 74.7% 580K Bhutan
89%
Asia L 64.2% 4.7M Laos
89%
Asia M 89.1% 47.2M Myanmar
89%
Asia S 69.6% 15.7M Sri Lanka
86%
Asia M 51.1% 1.7M Mongolia
83%
No matching quizzes found
Score Distribution
Percent of People with Each Score
Percentile by Number Answered
Your Score History
You have not taken this quiz